Características básicas de la seguridad social en Chile

Uloženo v:
Podrobná bibliografie
Hlavní autoři: Orlandini Molina, Luis (autor), Oviedo Godoy, Ramón (Autor)
Médium: Kniha
Jazyk:španělština
Vydáno: Santiago INSORA 1966
Edice:Publicación, 28
Témata:
Tagy: Přidat tag
Žádné tagy, Buďte první, kdo vytvoří štítek k tomuto záznamu!

MARC

LEADER 00000nam a2200000 a 4500
001 UCS2266
003 CL-VaPUC
008 970523e19660600CL |||||||||||||||||spa|d
082 0 4 |a 344.02  |b ORL  |2 21 
100 |a Orlandini Molina, Luis  |e autor  |9 413945 
700 0 |a Oviedo Godoy, Ramón  |e author  |9 387504 
245 1 0 |a Características básicas de la seguridad social en Chile 
300 |a 110 p 
942 |c BK 
945 |d 19970523 00:00:00  |a cmena 
260 |a Santiago  |b INSORA  |c 1966 
650 7 |a DERECHO LABORAL  |2 CL-VaPUC  |9 15 
650 0 |a Seguridad social  |9 255322 
650 0 |a Jurisprudencia  |9 255952 
650 0 |a Obligaciones   |9 255578 
650 0 |a Responsabilidad del estado  |9 258115 
651 7 |a CHILE  |2 CL-VaPUC  |9 387505 
583 |a last modification  |c 20170712 12:08:24  |k Rodrigo Vera 
490 0 |a Publicación, 28 
999 |c 260241  |d 260239 
952 |0 0  |1 0  |4 0  |6 344_020000000000000_ORL_1966  |7 0  |8 A  |9 286171  |a BIBDER  |b BIBDER  |d 2019-11-19  |i 1858688  |o 344.02 ORL 1966  |p 1858688  |r 2023-01-25  |w 2019-11-19  |y BK  |k DER